000 00796nam a2200277 a 4500
001 521
003 BR-CuiBMT
005 20231127032345.0
008 231108s2016 baba 000 0 por d
020 _a8544209319
040 _aBR-CuiBMT
_cBR-CuiBMT
080 _22007
_a349.3
090 _a349.3
_bA481d
_c5. ed.
100 1 _aAmado, Frederico
245 1 0 _aDireito previdenciário /
_cFrederico Amado.
250 _a5. ed., rev. e atual.
260 _aBahia :
_bJusPODIVM,
_c2016.
300 _a316 p. :
_bil. ;
_c21 cm
490 1 _aColeção resumos para concursos ;
_vv. 15
504 _aInclui bibliografia.
650 _aDireito previdenciário
_zBrasil
650 _aSeguridade social
650 _aAssistência social
830 0 _aResumos para concursos ;
_v15
942 _2udc
_cLV
999 _c521
_d521